00731cam a22002297a 4500003000500000005001700005008004100022010001000063011001000073035001000083040000900093082001500102100003100117245013200148260008000280300001600360490002500376500003000401650002100431650002400452830002500476CHAP20220329135735.0971013s1975 r 00010 d a41328 a42300 a46428 cCHAP a333.91bE500aEnríquez Coyro, Ernesto.13aEl tratado entre México y los Estados Unidos de América sobre ríos internacionales ; una lucha nacional de noventa años aMéxico, D. F. :bUNAM. Facultad de Ciencias Políticas y Sociales,c1975 av.b: mapas 0aSerie estudiosv; 47 aLa biblioteca tiene : v.114aTratadosxE.U.A.14aTratadosxMéxico.0 aSerie estudiosv; 47